[Event "12th Neckar Open A"]
[Site "Deizisau GER"]
[Date "2008.03.22"]
[Round "5"]
[White "Graf,A"]
[Black "Bogner,S"]
[Result "1-0"]
[WhiteElo "2586"]
[BlackElo "2401"]

1.d4 Nf6 2.c4 g6 3.Nc3 Bg7 4.e4 d6 5.Nf3 O-O 6.Be2 e5 7.d5 a5 8.Bg5 Na6 9.Nd2 Qe8
10.O-O Kh8 11.a3 Bd7 12.b3 Ng8 13.Rb1 f5 14.f3 f4 15.b4 axb4 16.axb4 b6 17.Qb3 h6
18.Bh4 g5 19.Bf2 Qg6 20.Ra1 g4 21.fxg4 Bxg4 22.Bxg4 Qxg4 23.Nf3 Ne7 24.Ra4 Bf6
25.h3 Qh5 26.Kh2 Rg8 27.Rg1 Ng6 28.Qd1 Kh7 29.Qe2 Kh8 30.Rga1  1-0

[Event "39th Open"]
[Site "Mar del Plata ARG"]
[Date "2008.03.22"]
[Round "9"]
[White "Ronco,R"]
[Black "Aguilar,A"]
[Result "0-1"]
[WhiteElo "2105"]
[BlackElo "2248"]

1.Nf3 Nf6 2.c4 g6 3.Nc3 Bg7 4.e4 d6 5.d4 O-O 6.Be2 Nbd7 7.O-O e5 8.Be3 c6
9.d5 c5 10.Ne1 Ne8 11.g4 Kh8 12.Kh1 f5 13.gxf5 gxf5 14.exf5 Ndf6 15.Bd3 e4
16.Nxe4 Nxe4 17.Bxe4 Bxf5 18.Bxf5 Rxf5 19.Qg4 Qd7 20.Nd3 Nf6 21.Qh3 Rf8 22.Nf4 Rxf4
23.Qxd7 Nxd7 24.Bxf4 Rxf4 25.Rac1 Be5 26.f3 Kg8 27.Kg2 Kf7 28.h3 Nf8 29.b3 Ng6
30.Rb1 Rh4 31.Rh1 Nf4+ 32.Kf1 Kf6 33.Re1 Nh5 34.Rg1 Rxh3  0-1

[Event "Jack Speigel Memorial"]
[Site "Southend ENG"]
[Date "2008.03.22"]
[Round "4"]
[White "Wells,P"]
[Black "Trent,L"]
[Result "1-0"]
[WhiteElo "2520"]
[BlackElo "2463"]

1.Nf3 Nf6 2.c4 g6 3.Nc3 d6 4.d4 Bg7 5.e4 O-O 6.Be2 e5 7.O-O exd4 8.Nxd4 Re8
9.f3 c6 10.Kh1 Nbd7 11.Bg5 h6 12.Bh4 Nc5 13.Nc2 a5 14.Bg3 Bf8 15.Qd2 Nh5
16.Bf2 Qg5 17.Be3 Qh4 18.Kg1 Bg7 19.Rf2 Be5 20.g4 Nf6 21.Rg2 Ne6 22.Nd4 Nxd4
23.Bxd4 Nh7 24.f4 Bxd4+ 25.Qxd4 Qf6 26.Qd2 Qe7 27.Rd1 Nf6 28.Bf3 Rd8 29.e5 Ne8
30.f5 Qxe5 31.Qxh6 Qg7 32.Qe3 g5 33.Ne4 f6 34.h4 d5 35.hxg5 fxg5 36.cxd5 cxd5
37.Nxg5 Nf6 38.Ne6 Bxe6 39.Qxe6+ Kf8 40.g5 Ne4 41.f6 Qc7 42.g6  1-0

[Event "Spring Festival"]
[Site "Budapest HUN"]
[Date "2008.03.23"]
[Round "3"]
[White "Papakonstantinou,S"]
[Black "Hujbert,F"]
[Result "1/2-1/2"]
[WhiteElo "2068"]
[BlackElo "2278"]

1.d4 Nf6 2.Nf3 g6 3.c4 Bg7 4.Nc3 O-O 5.e4 d6 6.Be2 e5 7.O-O Na6 8.Re1 exd4
9.Nxd4 Nc5 10.f3 Nh5 11.Be3 Ne6 12.Nxe6 fxe6 13.c5 Be5 14.g3 g5 15.Qd2 h6
16.cxd6 Qxd6 17.Qxd6 cxd6 18.Red1 Bd7 19.Bd4 Nf6 20.Bxe5 dxe5 21.g4 Kf7 22.Rac1 a6
23.Nb1 Rac8 24.Nd2 Ke7 25.Bd3 Rxc1 26.Rxc1 Rc8 27.Rd1 b5 28.b4 Rc3 29.Nb3 Bc8
30.Kf2 h5 31.h3 h4 32.Ke2 Nd7 33.Kd2 Rc7 34.Ra1 Nb6 35.Nc5 Nd7 36.Nb3 Nb6  1/2-1/2

[Event "ch-TUR"]
[Site "Ankara TUR"]
[Date "2008.03.24"]
[Round "2"]
[White "Citak,S"]
[Black "Duman,A"]
[Result "1-0"]
[WhiteElo "2319"]
[BlackElo "2231"]

1.d4 Nf6 2.c4 g6 3.Nc3 Bg7 4.e4 d6 5.Nf3 O-O 6.Be2 Na6 7.O-O e5 8.Be3 Ng4
9.Bg5 Qe8 10.dxe5 dxe5 11.h3 f6 12.Bd2 Nh6 13.c5 c6 14.Be3 Nf7 15.Nd2 f5
16.f3 f4 17.Bf2 Nc7 18.b4 Ne6 19.b5 Qe7 20.bxc6 bxc6 21.Qa4 Nd4 22.Nb3 Ng5
23.Nxd4 Nxh3+ 24.gxh3 exd4 25.Bxd4 Bxh3 26.Rf2 Rad8 27.Bxg7 Kxg7 28.Qxc6 Rc8
29.Qd5 Rfd8 30.Qb3 Qe5 31.Qb2 Rb8 32.Qc1 Be6 33.Nb5 a6 34.Qc3 Kf6 35.Qxe5+ Kxe5
36.Nc7 Rd2 37.Nxe6 Rbb2 38.Rc1  1-0

[Event "15th Belisce Metalis Open"]
[Site "Bizovac CRO"]
[Date "2008.03.24"]
[Round "7"]
[White "Bender,I"]
[Black "Babic,Z"]
[Result "1/2-1/2"]
[WhiteElo "2327"]
[BlackElo "2084"]

1.d4 Nf6 2.c4 g6 3.Nc3 Bg7 4.e4 d6 5.Nf3 O-O 6.Be2 e5 7.O-O Na6 8.dxe5 dxe5
9.h3 c6 10.Be3 Nh5 11.Qc2 Nf4 12.Rfd1 Nxe2+ 13.Qxe2 Qe7 14.Nd2 Nc5 15.Nb3 Ne6
16.c5 Nf4 17.Qf1 f5 18.Rd2 Nxh3+ 19.gxh3 f4 20.Rd3 fxe3 21.Rxe3 Bh6 22.Rd3 Be6
23.Qg2 Rad8 24.Rad1 Rxd3 25.Rxd3 Bxb3 26.axb3 Qxc5 27.h4  1/2-1/2

[Event "12th Neckar Open A"]
[Site "Deizisau GER"]
[Date "2008.03.24"]
[Round "8"]
[White "Peralta,Fe"]
[Black "Bejtovic,J"]
[Result "1-0"]
[WhiteElo "2551"]
[BlackElo "2353"]

1.d4 Nf6 2.c4 g6 3.Nc3 Bg7 4.e4 O-O 5.Nf3 d6 6.Be2 e5 7.Be3 exd4 8.Nxd4 Re8
9.f3 c6 10.Qd2 d5 11.exd5 cxd5 12.O-O Nc6 13.c5 Rxe3 14.Qxe3 Qf8 15.Ncb5 Qxc5
16.Qf2 Bd7 17.Rfd1 Re8 18.Bf1 Bh6 19.Re1 Ne5 20.Nb3 Qb4 21.Qd4 Qxd4+ 22.N5xd4 Nc4
23.Bxc4 dxc4 24.Nc5 Be3+ 25.Kf1 Bxd4 26.Nxd7 Rc8 27.Nxf6+ Bxf6 28.Re2 b5
29.Rd1 b4 30.Rd5 c3 31.Rc2 Kg7 32.bxc3 bxc3 33.Rd7 a5 34.Ke2 Rc5 35.Kd3 h5
36.a4 Kf8 37.Rb7 Rd5+ 38.Kc4 Rd4+ 39.Kb3 Rd1 40.Rb5 Rb1+ 41.Ka2 Rxb5 42.axb5 Ke7
43.Kb3 Kd6 44.Ra2  1-0

[Event "12th Neckar Open A"]
[Site "Deizisau GER"]
[Date "2008.03.24"]
[Round "9"]
[White "Graf,A"]
[Black "Huschenbeth,N"]
[Result "1-0"]
[WhiteElo "2586"]
[BlackElo "2437"]

1.d4 Nf6 2.c4 g6 3.Nc3 Bg7 4.e4 d6 5.Nf3 O-O 6.Be2 e5 7.d5 a5 8.Bg5 h6 9.Bh4 Na6
10.Nd2 Nc5 11.O-O Qe8 12.b3 h5 13.a3 Nh7 14.f3 Bh6 15.Rb1 Be3+ 16.Bf2 Bxf2+
17.Rxf2 Bd7 18.Qc2 h4 19.b4 axb4 20.axb4 Na6 21.c5 Nb8 22.Nc4 Qe7 23.b5 dxc5
24.d6 cxd6 25.Nd5 Qg5 26.Nxd6 Be6 27.Nc7 Ra2 28.Qxc5 Nd7 29.Qc3 Qe7 30.Nxe6 fxe6
31.Nxb7 Nb8 32.Nc5 Rc8 33.Qxe5 Rxe2 34.Rxe2 Qxc5+ 35.Qxc5 Rxc5 36.Rd2 Rc8
37.Rbd1 Nf8 38.Rd8 Rxd8 39.Rxd8 Nd7 40.f4 Kf7 41.Kf2 Nc5 42.Kf3 e5 43.fxe5 Nfd7
44.Rh8 Na4 45.Rc8 Nxe5+ 46.Kf4 Nb6 47.Rd8 Ke7 48.Rd1 Nbc4 49.Kg5 h3 50.gxh3 Kf7
51.h4 Nf3+ 52.Kf4 Nfe5 53.b6 g5+ 54.Kf5 Nc6 55.Kxg5  1-0

[Event "ch-TUR"]
[Site "Ankara TUR"]
[Date "2008.03.25"]
[Round "3"]
[White "Erdogan,H"]
[Black "Dogan,A"]
[Result "1-0"]
[WhiteElo "2282"]
[BlackElo "1978"]

1.d4 Nf6 2.c4 g6 3.Nc3 Bg7 4.e4 d6 5.Nf3 O-O 6.Be2 e5 7.dxe5 dxe5 8.Qxd8 Rxd8
9.Bg5 Nbd7 10.O-O-O Rf8 11.Nd2 Nc5 12.b4 Ne6 13.Be3 a5 14.b5 b6 15.f3 Bb7
16.Na4 Nd7 17.Nb3 Bc8 18.c5 bxc5 19.Nbxc5 Ndxc5 20.Nxc5 Nd4 21.Bc4 a4 22.Bxd4 exd4
23.Kc2 Ra5 24.Rb1 c6 25.Rb4 cxb5 26.Bxb5 Rd8 27.Kd3 Bf8 28.Rc1 Ba6 29.Bxa6 Bxc5
30.Rb5 Rxa6 31.Rcxc5 a3 32.g4 Rf6 33.Rd5 Rxf3+ 34.Kxd4 Rxd5+ 35.exd5 Rf2
36.d6 Rxa2 37.Kc3 Ra1 38.d7 Rd1 39.Rb8+ Kg7 40.d8=Q Rxd8 41.Rxd8 Kf6 42.Rd5 Ke6
43.Ra5 h6 44.Kd4  1-0

[Event "Spring Festival"]
[Site "Budapest HUN"]
[Date "2008.03.25"]
[Round "5"]
[White "Govciyan,P"]
[Black "Galyas,M"]
[Result "1/2-1/2"]
[WhiteElo "2394"]
[BlackElo "2432"]

1.d4 Nf6 2.c4 g6 3.Nc3 Bg7 4.e4 d6 5.Be2 O-O 6.Nf3 e5 7.Be3 Na6 8.O-O Ng4
9.Bg5 Qe8 10.dxe5 dxe5 11.h3 f6 12.Bd2 Nh6 13.c5 Nxc5 14.Qc1 Nf7 15.Nd5 Ne6
16.Nxc7 Nxc7 17.Qxc7 Nd8 18.Qc3 Be6  1/2-1/2

[Event "ch-TUR"]
[Site "Ankara TUR"]
[Date "2008.03.26"]
[Round "4"]
[White "Erdogan,H"]
[Black "Duman,A"]
[Result "1-0"]
[WhiteElo "2282"]
[BlackElo "2231"]

1.d4 Nf6 2.c4 g6 3.Nc3 Bg7 4.e4 d6 5.Nf3 O-O 6.Be2 Na6 7.O-O e5 8.Re1 Qe8
9.Bf1 Bg4 10.d5 Nb4 11.Be2 a5 12.Be3 Nh5 13.g3 Bd7 14.Nd2 f5 15.exf5 Bxf5
16.g4 Bc2 17.Qc1 Nf4 18.Bxf4 Rxf4 19.a3 Nd3 20.Qxc2 Nxe1 21.Rxe1 h5 22.Nde4 hxg4
23.Qd1 Qd7 24.Ng5 Bh6 25.Ne6 Qh7 26.Bxg4 Rxc4 27.Re4 Rxe4 28.Nxe4 Qe7 29.Qf3 Bf4
30.Nxf4 exf4 31.Be6+ Kg7 32.Qc3+ Kh6 33.Nf6 Kg5 34.Kg2 Kh6 35.Qh3+ Kg7 36.Ng4 Rh8
37.Qc3+ Kh7 38.Nf6+ Kh6 39.Ng8+ Rxg8 40.Bxg8 Qg5+ 41.Kf1 Qg4 42.Be6 Qd1+
43.Kg2 Kg5 44.Qf3 Qc1 45.h4+ Kh6 46.Qc3 f3+ 47.Kh2 Qf4+ 48.Kh3 Qf8 49.Qc1+ Kg7
50.Qc3+ Kh7 51.Qxc7+ Kh6 52.Bf7 Qg7 53.Qxd6  1-0

[Event "9th North American Inv"]
[Site "Chicago USA"]
[Date "2008.03.26"]
[Round "7"]
[White "Chow,A"]
[Black "Pasalic,M"]
[Result "0-1"]
[WhiteElo "2208"]
[BlackElo "2395"]

1.d4 Nf6 2.c4 g6 3.Nc3 Bg7 4.e4 d6 5.Be2 O-O 6.Nf3 e5 7.O-O Nbd7 8.Be3 c6
9.d5 c5 10.Ne1 Kh8 11.Nd3 Ng8 12.Qd2 a6 13.a3 f5 14.exf5 gxf5 15.f4 e4 16.Nf2 Ngf6
17.h3 Rg8 18.Kh2 b5 19.cxb5 axb5 20.Bxb5 Nb6 21.b3 Ba6 22.Bxa6 Rxa6 23.a4 Nc8
24.Rab1 Qa5 25.Rfc1 Ne7 26.Rc2 Rb8 27.g4 Qd8 28.g5 Ne8 29.Nb5 Nc7 30.Nxc7 Qxc7
31.Nd1 Rxa4 32.bxa4 Rxb1 33.Ra2 Qb7 34.Nc3 Rb3 35.Nb5 Rd3 36.Qc1 Qxd5 37.Re2 Nc6
38.h4 Qb3 39.Nxd6 Rxd6 40.Qxc5 Qd5 41.Rc2 Qxc5 42.Rxc5 Bd4 43.Bxd4+ Nxd4
44.h5 e3 45.Rc8+ Kg7 46.Rc7+ Kf8 47.Kg2 e2  0-1

[Event "ch-SRB"]
[Site "Mataruska Banja SRB"]
[Date "2008.03.26"]
[Round "11"]
[White "Pavlovic,MilosM"]
[Black "Sedlak,N"]
[Result "1-0"]
[WhiteElo "2457"]
[BlackElo "2568"]

1.d4 Nf6 2.c4 g6 3.Nc3 Bg7 4.e4 d6 5.Nf3 O-O 6.Be2 e5 7.O-O exd4 8.Nxd4 Re8
9.f3 c6 10.Kh1 Nbd7 11.Nc2 Ne5 12.Be3 Be6 13.b3 d5 14.exd5 cxd5 15.c5 Nh5
16.Qd2 Nc6 17.Rad1 Bxc3 18.Qxc3 Bf5 19.Bd3 d4 20.Bxd4 Nxd4 21.Qxd4 Bxd3 22.Rxd3 Qg5
23.f4 Qg4 24.Rf2 Re6 25.h3 Qh4 26.Kh2 Nf6 27.g3 Qh5 28.Kg2 Ne4 29.Rff3 Rae8
30.Qd5 Ng5 31.fxg5 Re2+ 32.Kg1 Qxh3 33.Qxf7+ Kh8 34.Qf6+ Kg8 35.Rf2 R2e7
36.Qf3 h5 37.Ne3 Kh7 38.Ng2  1-0

[Event "TCh-ISR"]
[Site "Israel ISR"]
[Date "2008.03.28"]
[Round "4"]
[White "Botvinnik,M ISR"]
[Black "Kantsler,B"]
[Result "1/2-1/2"]
[WhiteElo "2298"]
[BlackElo "2488"]

1.d4 d6 2.Nf3 g6 3.c4 Bg7 4.Nc3 Nf6 5.e4 O-O 6.Be2 e5 7.d5 Nbd7 8.Bg5 h6
9.Bh4 g5 10.Bg3 Nh5 11.Nd2 Nf4 12.O-O f5 13.exf5 Nc5 14.Bg4 Bxf5 15.Bxf5 Rxf5
16.Nde4 Nxe4 17.Nxe4 Qe8 18.Rc1 Qg6 19.c5 Raf8 20.Re1 h5 21.cxd6 cxd6  1/2-1/2

[Event "FKB ch-USA Qualifier"]
[Site "Tulsa USA"]
[Date "2008.03.28"]
[Round "2"]
[White "Perelshteyn,E"]
[Black "Beelby,M"]
[Result "1-0"]
[WhiteElo "2551"]
[BlackElo "2248"]

1.d4 Nf6 2.c4 g6 3.Nc3 Bg7 4.e4 d6 5.Nf3 O-O 6.Be2 e5 7.Be3 Ng4 8.Bg5 f6
9.Bh4 g5 10.Bg3 Nh6 11.dxe5 dxe5 12.Qd5+ Kh8 13.Qxd8 Rxd8 14.Nd5 Na6 15.O-O-O Be6
16.Nd2 Rd7 17.f3 c6 18.Nc3 Bf8 19.Nb3 b6 20.Rxd7 Bxd7 21.Bf2 Be6 22.Rd1 Nf7
23.Kc2 Rd8 24.a3 Rxd1 25.Nxd1 Nd8 26.Nc1 Bc5 27.Be1 Bg1 28.h4 gxh4 29.Bxh4 Kg7
30.b4 Nc7 31.Bd3 Nb7 32.Ne2 Bh2 33.Ne3 Bf4 34.Nxf4 exf4 35.Nf5+ Kf7 36.Nd4 Bd7
37.Ne2 Ne6 38.Be1 c5 39.Bd2 b5 40.Nxf4 Nd6 41.Nxe6 Bxe6 42.cxb5 c4 43.Bf1 Nxb5
44.a4  1-0

[Event "KNSB TCh-NED 2007-8"]
[Site "Netherlands NED"]
[Date "2008.03.29"]
[Round "8"]
[White "Van Wely,L"]
[Black "Bosboom,M"]
[Result "1-0"]
[WhiteElo "2681"]
[BlackElo "2445"]

1.d4 Nf6 2.c4 g6 3.Nc3 Bg7 4.e4 d6 5.Nf3 O-O 6.Be2 e5 7.O-O Nbd7 8.Qc2 c6
9.d5 a5 10.Be3 Ng4 11.Bd2 Nc5 12.h3 Nf6 13.Be3 Qe7 14.Rfd1 Ne8 15.Nd2 f5
16.Bxc5 dxc5 17.Na4 Bh6 18.Bf3 Nf6 19.Nb6 Rb8 20.Nxc8 Rbxc8 21.exf5 Bxd2
22.Qxd2 e4 23.Be2 cxd5 24.cxd5 gxf5 25.Qg5+ Kh8 26.Qxf5 Rcd8 27.d6 Rxd6 28.Rxd6 Qxd6
29.Rd1 Qe7 30.Qg5 b6 31.Bc4 Rd8 32.Rxd8+ Qxd8 33.b3 Qd1+ 34.Kh2 Qd4 35.Qf4 a4
36.g4 axb3 37.axb3 Kg7 38.g5 Nd5 39.Qf5 e3 40.Bxd5  1-0

[Event "FKB ch-USA Qualifier"]
[Site "Tulsa USA"]
[Date "2008.03.29"]
[Round "5"]
[White "Bhat,V"]
[Black "Airapetian,C"]
[Result "1-0"]
[WhiteElo "2481"]
[BlackElo "2092"]

1.d4 Nf6 2.c4 g6 3.Nc3 Bg7 4.e4 d6 5.Nf3 O-O 6.Be2 Na6 7.O-O e5 8.Be3 Ng4
9.Bg5 Qe8 10.Re1 h6 11.Bh4 h5 12.Bg3 f6 13.h3 Nh6 14.Rb1 c5 15.dxe5 dxe5
16.Nd5 Be6 17.a3 Rc8 18.b4 b6 19.Bd3 g5 20.h4 g4 21.Nd2 Nf7 22.Nf1 Bxd5 23.cxd5 c4
24.Bc2 Nd6 25.a4 Bh6 26.f3 gxf3 27.Qxf3 c3 28.Qe2 b5 29.Bf2 Nc4 30.Bd3 c2
31.Bxc2 Na3 32.Bd3 Nxb1 33.Rxb1 Qe7 34.Ng3 Nxb4 35.Nf5 Qh7 36.Rxb4 Rc1+ 37.Kh2 bxa4
38.Nxh6+ Kh8 39.Rxa4 Rc7 40.Nf5 Rg8 41.d6 Rb7 42.Bc4 Rgb8 43.Bd5 Rb2 44.Qf3 Qg6
45.Ne7 Qh7 46.Rxa7 Qh6 47.Be3  1-0

[Event "Sozina Open"]
[Site "Bar MNE"]
[Date "2008.03.30"]
[Round "2"]
[White "Lekic,D"]
[Black "Arsovic,Z"]
[Result "1-0"]
[WhiteElo "2386"]
[BlackElo "2467"]

1.d4 Nf6 2.c4 g6 3.Nc3 Bg7 4.e4 d6 5.Nf3 O-O 6.Be2 Nbd7 7.O-O e5 8.Be3 Re8
9.dxe5 dxe5 10.h3 c6 11.c5 Qe7 12.b4 a5 13.a3 axb4 14.axb4 Rxa1 15.Qxa1 Nh5
16.Rd1 Nf4 17.Bf1 Ne6 18.Qa5 f5 19.Bc4 f4 20.Rd6 Nf8 21.Bd2 Kh8 22.Ne2 g5
23.Bc3 Nc7 24.Nxe5 Bxe5 25.Bxe5+ Qxe5 26.Qxc7 Qa1+ 27.Kh2 Qg7 28.Qxg7+ Kxg7
29.f3 Ng6 30.Nd4 Ne5 31.Be6 Nf7 32.Bxc8 Rxc8 33.Rd7 Rb8 34.Nf5+ Kf6 35.Nd6 Ne5
36.Rxh7 Ra8 37.Rh6+ Ke7 38.Nf5+ Kf7 39.Rh7+ Kf6 40.Rxb7 Ra2 41.Kg1 Ra1+ 42.Kf2 Ra2+
43.Kf1 Ra1+ 44.Ke2 Ra2+ 45.Kd1 Rxg2 46.b5 cxb5 47.c6 Nxc6 48.Rb6 Ke5 49.Rxc6 Rh2
50.Rc5+ Kf6 51.Rxb5 Rxh3 52.Ke2 g4 53.fxg4 Kg5 54.Ne3+ Kg6 55.Nf1  1-0

[Event "TCh-HUN 2007-8"]
[Site "Budapest HUN"]
[Date "2008.03.30"]
[Round "9"]
[White "Bacso,G"]
[Black "Veszpremi,A"]
[Result "1/2-1/2"]
[WhiteElo "2153"]
[BlackElo "2156"]

1.d4 Nf6 2.c4 g6 3.Nc3 Bg7 4.e4 d6 5.Nf3 O-O 6.Be2 e5 7.O-O Nbd7 8.Rb1 exd4
9.Nxd4 Nc5 10.f3 a5 11.Ndb5 Bd7 12.Be3 b6 13.Qd2 Re8 14.Rfd1 Bxb5 15.Nxb5 Qe7
16.Bf1 Ne6 17.b3 Nd7 18.a3 Ndc5 19.b4  1/2-1/2

[Event "ch-SRB w"]
[Site "Kac SRB"]
[Date "2008.03.30"]
[Round "2"]
[White "Maksimovic,S"]
[Black "Rakic,Ma"]
[Result "1-0"]
[WhiteElo "2264"]
[BlackElo "2218"]

1.d4 Nf6 2.Nf3 g6 3.c4 Bg7 4.Nc3 O-O 5.e4 d6 6.Be2 Nbd7 7.O-O e5 8.Re1 exd4
9.Nxd4 Nc5 10.Bf1 a5 11.Bg5 Be6 12.Qd2 Qd7 13.h3 Rae8 14.Rad1 Qc8 15.Bh6 Bd7
16.Bxg7 Kxg7 17.f3 h5 18.Nd5 Nxd5 19.cxd5 b6 20.b3 f5 21.exf5 Bxf5 22.a3 Rxe1
23.Rxe1 Qd8 24.b4 Nb7 25.Ba6 Qa8 26.Re7+ Kf6 27.Bxb7 Qxb7 28.Nxf5  1-0

[Event "K41 Scandinavian Open"]
[Site "Valby DEN"]
[Date "2008.03.31"]
[Round "4"]
[White "Vaznonis,V"]
[Black "Bejtovic,J"]
[Result "1-0"]
[WhiteElo "2399"]
[BlackElo "2353"]

1.d4 Nf6 2.c4 g6 3.Nc3 Bg7 4.e4 O-O 5.Nf3 d6 6.Be2 e5 7.O-O Nbd7 8.Be3 c6
9.Qc2 exd4 10.Nxd4 Qe7 11.Rfd1 Re8 12.f3 Nh5 13.g4 Nhf6 14.Qd2 h5 15.g5 Nh7
16.Nc2 Be5 17.f4 Bxc3 18.Qxc3 Nc5 19.Bxc5 dxc5 20.Bf3 Nf8 21.Rd2 Be6 22.Ne3 Rad8
23.Rad1 Bc8 24.Nc2 Rxd2 25.Rxd2 Rd8 26.Kf2 Ne6 27.Ke3 Rxd2 28.Qxd2 Ng7 29.Kf2 Qe6
30.Qd8+ Kh7 31.Ne3 Qh3 32.f5 Qh4+ 33.Kg2 Qe1 34.Nf1 Bxf5 35.exf5 Nxf5 36.Qd1 Qe5
37.Qd2 Nd4 38.Qe3 Qf5 39.Be4 Qg4+ 40.Kh1 Qd1 41.Qf4 Kg8 42.Bg2 Qd3 43.Qb8+ Kg7
44.Qe5+ Kg8 45.b3 b6 46.Qb8+ Kg7 47.Qxa7 h4 48.h3 Qf5 49.Qxb6 Qxg5 50.b4 Ne6
51.bxc5 Nd4 52.Qb2 Qxc5 53.Qc3 Kh7 54.Qd3 Kg7 55.Nd2 Nf5 56.Qc3+ Kh7 57.Ne4 Qb6
58.Qe5 Qa7 59.Qf6 Kg8 60.Qd8+ Kh7 61.Qf6 Kg8 62.Qd8+ Kg7 63.Qd2 Qb8 64.c5 Kg8
65.Nd6 Ng3+ 66.Kh2 Qb1 67.Qf2 f5 68.Bxc6 Qc1 69.Bg2 Qc3 70.Qf4 Qxc5 71.Qc4+ Qxc4
72.Nxc4 Ne2 73.a4 Nc3 74.a5 Nb5 75.a6 Kg7 76.Nd6 Na7 77.Bb7 Kf6 78.Nc8 Nb5
79.Bc6 Nc7 80.a7 Ke6 81.Nb6 Kd6 82.Nd5  1-0

[Event "Spring Open"]
[Site "Belgrade SCG"]
[Date "2008.04.01"]
[Round "8"]
[White "Starcevic,G"]
[Black "Adamovic,S"]
[Result "1-0"]
[WhiteElo "2236"]
[BlackElo "2006"]

1.d4 Nf6 2.Nf3 g6 3.c4 Bg7 4.Nc3 d6 5.e4 O-O 6.Be2 e5 7.d5 Nbd7 8.Qc2 a5
9.Bg5 h6 10.Bh4 g5 11.Bg3 Nh5 12.Nd2 Nf4 13.Bf1 Nc5 14.Nb3 Nxb3 15.axb3 Bd7
16.h3 f5 17.f3 g4 18.hxg4 fxg4 19.Bxf4 Rxf4 20.Be2 Qg5 21.Qd2 gxf3 22.gxf3 Qg2
23.O-O-O Kh7 24.Qe3 Qg6 25.Rdg1 Qf6 26.Rg3 b6 27.Rhg1  1-0

[Event "GM"]
[Site "Beer Sheva ISR"]
[Date "2008.04.02"]
[Round "6"]
[White "Tunik,G"]
[Black "Sidorenko,I"]
[Result "1-0"]
[WhiteElo "2473"]
[BlackElo "2320"]

1.d4 Nf6 2.c4 g6 3.Nc3 Bg7 4.e4 d6 5.Nf3 O-O 6.Be2 e5 7.Be3 Ng4 8.Bg5 f6
9.Bh4 g5 10.Bg3 Nh6 11.d5 f5 12.h3 Nd7 13.Nd2 Nf6 14.Bh2 g4 15.hxg4 Nhxg4
16.Bg1 Bh6 17.Nf1 Bg5 18.Ng3 Nh6 19.Qc2 fxe4 20.Ncxe4 Nxe4 21.Nxe4 Bf5 22.Bd3 Bg6
23.f3 Nf5 24.Nxg5 Qxg5 25.Qd2 Qg3+ 26.Kd1 Nh4 27.Bxg6 Nxg6 28.Rh3 Qf4 29.Qxf4 Nxf4
30.Rh2 c6 31.dxc6 bxc6 32.Kc2 d5 33.Re1 Ng6 34.Be3 a6 35.Rh5 Rae8 36.Bd2 Rf7
37.Re3 Rf4 38.cxd5 Rc4+ 39.Rc3 Rxc3+ 40.Bxc3 cxd5 41.b4 Rc8 42.Kb3 d4 43.Bb2 Re8
44.Bc1 Kg7 45.a4 Rb8 46.Bd2 Rb7 47.Rh1 Kf6 48.Rc1 Ne7 49.Rc5 h5 50.Kc4 Ke6
51.f4 Ng6 52.fxe5 Nxe5+ 53.Kxd4 Rd7+ 54.Ke3 Rd3+ 55.Ke2 Rb3 56.Bc3 Nd7 57.Rc8 Kd6
58.a5 Ne5 59.Kd2 Rb1 60.Ra8 Nc4+ 61.Kd3 Kd5 62.Rxa6 Rd1+ 63.Ke2 Rc1 64.Be1 Rc2+
65.Kd3 Rxg2 66.Rh6 Ne5+ 67.Kc3 Rg1 68.Bd2 Rg3+ 69.Kc2 Rh3 70.a6 Ra3 71.Bc3 Nc6
72.Rxh5+ Kd6 73.b5 Kc7 74.Rc5 Kb6 75.bxc6  1-0

[Event "Spring Open"]
[Site "Belgrade SCG"]
[Date "2008.04.02"]
[Round "9"]
[White "Vasic,Du"]
[Black "Tomin,N"]
[Result "0-1"]
[WhiteElo "1966"]
[BlackElo "1751"]

1.c4 Nf6 2.Nc3 g6 3.e4 d6 4.d4 Bg7 5.Nf3 O-O 6.Be2 e5 7.dxe5 dxe5 8.Qxd8 Rxd8
9.Nxe5 Nxe4 10.Nxf7 Bxc3+ 11.bxc3  0-1

[Event "TCh-RUS w"]
[Site "Dagomys RUS"]
[Date "2008.04.02"]
[Round "1"]
[White "Tairova,E"]
[Black "Ivkina,O"]
[Result "1-0"]
[WhiteElo "2412"]
[BlackElo "2278"]

1.d4 Nf6 2.c4 g6 3.Nc3 Bg7 4.e4 d6 5.Nf3 O-O 6.Be2 Na6 7.O-O e5 8.Be3 Ng4
9.Bg5 Qe8 10.dxe5 dxe5 11.h3 h6 12.Bd2 Nf6 13.Be3 Qe7 14.Qc2 c6 15.a3 Nh5
16.Rfe1 Nf4 17.Bf1 g5 18.Nh2 Nc5 19.Rad1 Nce6 20.Ne2 b6 21.Ng3 Nd4 22.Bxd4 exd4
23.Nf5 Bxf5 24.exf5 Qd6 25.g3 Nh5 26.Nf3 Rfe8 27.b4 c5 28.b5 Bf6 29.Bd3 Kg7
30.Kf1 Rad8 31.Re2 Re7 32.Rxe7 Bxe7 33.Re1 Nf6 34.Ne5 Qc7 35.Nc6 Re8 36.Qa4 Bd6
37.Rxe8 Nxe8 38.Kg2 Qb7 39.Qxa7 Qxa7 40.Nxa7 Bc7 41.Kf3 Nd6 42.Nc6 Kf6 43.Kg4 Nxf5
44.Kh5 Bd6 45.a4 Bc7 46.Na7 Ne7 47.Kxh6 Ng6 48.Nc6 Nf8 49.Kh5 Nd7 50.Kg4 Nf8
51.h4 gxh4 52.Kxh4 Nd7 53.f4 Nf8 54.Kg4 Ne6 55.Kf3 Nd8 56.Na7 Nb7 57.Ke4 Ke6
58.g4 Nd6+ 59.Kf3 f5 60.Nc6 Kf6 61.Ne5 fxg4+ 62.Kxg4 Ke6 63.Nf3 Ne8 64.Ng5+ Kf6
65.Ne4+ Ke6 66.Kg5 Bd8+ 67.Kg6 Nf6 68.Ng5+ Ke7 69.Kf5 Bc7 70.Nh3 Ne8 71.Ke4 Nf6+
72.Kf3 Ke6 73.Ng1 Nh5 74.Ne2 Kf6 75.Kg4 Ng7 76.Ng3 Kf7 77.Be4 Kf6 78.Bd3 Kf7
79.Ne4 Ne6 80.f5 Nf4 81.Ng5+ Kf6 82.Ne4+ Kf7 83.Bc2 Ne2 84.Kf3 Nf4 85.Kf2 Nh3+
86.Kg2 Nf4+ 87.Kf3 Nh3 88.Bd1 Nf4 89.a5 Nd3 90.a6 Bb8 91.Bb3 Nc1 92.Bc2 Na2
93.Bd3 Nc1 94.Bf1 Nb3 95.Ke2 Ke7 96.Kd3 Kf7 97.Kc2 Na5 98.Be2 Ke7 99.Kb2  1-0

[Event "ITT Cinco Soles"]
[Site "Pinamar ARG"]
[Date "2008.04.02"]
[Round "9"]
[White "Barrionuevo,P"]
[Black "Guerrero,Alv"]
[Result "1-0"]
[WhiteElo "2373"]
[BlackElo "2228"]

1.d4 Nf6 2.c4 g6 3.Nc3 Bg7 4.e4 d6 5.Nf3 O-O 6.Be2 e5 7.Be3 Ng4 8.Bg5 f6
9.Bc1 Nh6 10.dxe5 fxe5 11.Bg5 Qd7 12.Nd5 Nc6 13.h3 Nd4 14.Nxd4 exd4 15.Qd2 c6
16.Ne7+ Kh8 17.Nxc8 Nf7 18.Bg4 Qe8 19.O-O Nxg5 20.Qxg5 Bf6 21.Qa5 Be5 22.f4 Rxf4
23.Rxf4 Bxf4 24.Qc7 Qxe4 25.Qf7 h5 26.Ne7 Be3+ 27.Kh1 Qxe7 28.Qxe7 hxg4 29.Rf1  1-0

[Event "TCh-RUS Major League"]
[Site "Dagomys RUS"]
[Date "2008.04.03"]
[Round "1"]
[White "Nagibin,G"]
[Black "Kabanov,N"]
[Result "1-0"]
[WhiteElo "2358"]
[BlackElo "2532"]

1.d4 Nf6 2.Nf3 g6 3.c4 Bg7 4.Nc3 d6 5.e4 O-O 6.Be2 e5 7.d5 a5 8.Bg5 Na6 9.Nd2 Qe8
10.O-O Kh8 11.a3 Bd7 12.b3 Ng8 13.Rb1 f5 14.exf5 gxf5 15.Bh5 Qb8 16.b4 axb4
17.axb4 Nf6 18.Be2 Qe8 19.c5 Qg6 20.Bh4 Qh6 21.g3 dxc5 22.Bxa6 bxa6 23.bxc5 Ng4
24.c6 Bc8 25.h3 Ne3 26.fxe3 Qxe3+ 27.Kh2 Qxc3 28.Nf3 f4 29.gxf4 exf4 30.Rc1 Qa5
31.Rg1 Qb4 32.Rxg7 Kxg7 33.Rc2 Bf5 34.Qa1+ Kg8 35.Rg2+ Bg6 36.Ne5 Qe4 37.Ng4 Kf7
38.Qf6+ Ke8 39.Qg7 Rf7 40.Qg8+ Rf8 41.Nf6+  1-0

[Event "TCh-RUS Major League"]
[Site "Dagomys RUS"]
[Date "2008.04.03"]
[Round "1"]
[White "Novik,Ma"]
[Black "Klimov,A"]
[Result "1/2-1/2"]
[WhiteElo "2463"]
[BlackElo "2394"]

1.d4 Nf6 2.c4 g6 3.Nc3 Bg7 4.e4 d6 5.Nf3 O-O 6.Be2 Na6 7.O-O e5 8.Re1 c6
9.Bf1 exd4 10.Nxd4 Ng4 11.h3 Qb6 12.hxg4 Qxd4 13.g5 Qe5 14.Be3 Nc5 15.Qc2 Qe7
16.Rad1 Be6 17.Qc1 Nd7 18.Bd4 Ne5 19.f4 c5 20.Bf2 Ng4 21.f5 Nxf2 22.Kxf2 Bd4+
23.Kf3 Bc8 24.Rxd4 cxd4 25.Nd5 Qe5 26.Bd3 b6 27.Rh1 h5 28.gxh6 Bb7 29.g4  1/2-1/2

[Event "Sozina Open"]
[Site "Bar MNE"]
[Date "2008.04.04"]
[Round "8"]
[White "Vojinovic,J"]
[Black "Arsovic,Z"]
[Result "1/2-1/2"]
[WhiteElo "2207"]
[BlackElo "2467"]

1.d4 Nf6 2.c4 g6 3.Nc3 Bg7 4.e4 d6 5.Nf3 O-O 6.Be2 e5 7.Be3 Nbd7 8.O-O exd4
9.Nxd4 Re8 10.f3 c6 11.Qd2 a5  1/2-1/2